00305nam a2200121Ia 4500008004100000082001700041100001900058245003100077250000800108260004400116300000800160650001500168191201s2011 xx 000 0 und d a624.171bBHS aBHAVIKATTI, SS 0aStructural Analysis Vol II aRep aN. DelhibVikas Publication Housec2011 a415 aB.Tech(CE)